| 000 | 00635cam a2200217 4500 | ||
|---|---|---|---|
| 008 | 000000n2000 000 0 eng u | ||
| 020 | _a1860813909 | ||
| 035 | _a(Sirsi) u108001 | ||
| 041 | _aENG | ||
| 050 | _a690.0285 | ||
| 110 |
_aBuilding Centre Trust _93162 |
||
| 245 | _aElectronic issue management system: GreenPark, Reading | ||
| 260 |
_aLondon _bCRC Ltd _c2000 |
||
| 300 | _a8p. ; 30cm. | ||
| 490 |
_aIT Case Study _v11 |
||
| 650 | _aBUILT ENVIRONMENT | ||
| 650 | _aDOCUMENT MANAGEMENT | ||
| 690 | _aMANAGEMENT-BUSINESS MANAGEMENT-INFORMATION MANAGEMENT | ||
| 710 | _aBuilding Research Establishment | ||
| 942 | _n0 | ||
| 999 |
_c100752 _d100752 |
||